[Event "Open A Befana"]
[Site "Milano ITA"]
[Date "2010.01.06"]
[Round "6"]
[White "Pace, Pietro Dario"]
[Black "Mintenko, Heorhiy"]
[Result "1-0"]
[WhiteElo "2253"]
[BlackElo "2167"]
[PlyCount "113"]
[EventDate "2010.01.02"]

1. e4 c6 2. d4 d5 3. f3 dxe4 4. fxe4 e5 5. Nf3 exd4 6. Bc4 Be6 7. Bxe6 fxe6 8.
O-O Be7 9. e5 Na6 10. Kh1 Qd5 11. Qxd4 Qxd4 12. Nxd4 Nc7 13. Nc3 h5 14. Ne4 Rd8
15. c3 Nh6 16. Bf4 Nf7 17. Rae1 g5 18. Nd6+ Bxd6 19. exd6 Nd5 20. Nxe6 gxf4 21.
Nxd8+ Kxd8 22. c4 Nb4 23. Rd1 Rh6 24. Rxf4 Rxd6 25. Rdf1 Ne5 26. c5 Rd5 27.
Rxb4 Kc7 28. Rh4 Ng6 29. Rc4 Ne5 30. Rc2 Nd3 31. Rf7+ Kc8 32. h3 Nxc5 33. Re2
Nd7 34. Ref2 Ne5 35. Rh7 Nd7 36. Kh2 Kc7 37. Rhf7 h4 38. R7f4 Rh5 39. Re2 Nc5
40. b4 Nd3 41. Rd4 Ne5 42. Ree4 Ng6 43. Rg4 Rh6 44. Kg1 a6 45. a3 b6 46. Rg5 b5
47. Rgg4 Ne5 48. Rxh4 Rf6 49. Rhe4 Rf5 50. Rf4 Rg5 51. g4 Nc4 52. Rf7+ Kc8 53.
Rdd7 Ne5 54. Rc7+ Kd8 55. Rg7 Rxg7 56. Rxg7 Kc8 57. h4 1-0

[Event "Open A Befana"]
[Site "Milano ITA"]
[Date "2010.01.06"]
[Round "6"]
[White "Paniga, Danilo"]
[Black "Orsi, Matteo"]
[Result "0-1"]
[WhiteElo "1845"]
[BlackElo "1950"]
[PlyCount "98"]
[EventDate "2010.01.02"]

1. d4 c6 2. Nf3 d5 3. e3 Nf6 4. Nbd2 g6 5. Bd3 Bf5 6. Bxf5 gxf5 7. Ne5 e6 8. b3
Bd6 9. Bb2 Nbd7 10. Nxd7 Qxd7 11. Nf3 Ne4 12. Qd3 Rg8 13. g3 O-O-O 14. Ne5 Qc7
15. f3 Nxg3 16. hxg3 f6 17. f4 fxe5 18. fxe5 Bb4+ 19. c3 Ba5 20. Rh3 Rg4 21.
O-O-O Rdg8 22. Rdh1 R8g7 23. Rg1 Qf7 24. Qe2 Qg6 25. Qh2 Qg5 26. Kd2 Rxd4+ 27.
Kc2 Rg4 28. b4 Bc7 29. Rxh7 Bxe5 30. Rh8+ Kc7 31. Re8 Bxg3 32. Qh8 Qxe3 33.
Rc8+ Kb6 34. Qd8+ Bc7 35. Rxc7 Rxc7 36. Rxg4 fxg4 37. Qd6 Qe2+ 38. Kb3 Qc4+ 39.
Kc2 g3 40. Qxg3 Qxa2 41. Qe3+ Ka6 42. Qe2+ Qc4 43. Qd1 b6 44. Qa1+ Kb7 45. Qg1
e5 46. Qg8 e4 47. Qe8 Qd3+ 48. Kb3 e3 49. Bc1 e2 0-1

[Event "Open A Befana"]
[Site "Milano ITA"]
[Date "2010.01.06"]
[Round "6"]
[White "Pelizzola, Danilo"]
[Black "Cazzaniga, Walter"]
[Result "1/2-1/2"]
[WhiteElo "2077"]
[BlackElo "2119"]
[PlyCount "89"]
[EventDate "2010.01.02"]

1. Nf3 Nf6 2. c4 g6 3. Nc3 Bg7 4. g3 O-O 5. Bg2 c5 6. O-O Nc6 7. d3 Rb8 8. Bd2
a6 9. Rb1 b5 10. b3 d6 11. Qc1 Re8 12. Rd1 Bd7 13. e3 b4 14. Ne2 Qc8 15. a4 Bg4
16. Re1 Bxf3 17. Bxf3 Ne5 18. Bg2 Nxd3 19. Qc2 Nxe1 20. Rxe1 a5 21. Rd1 Qc7 22.
Nf4 e6 23. Bc1 g5 24. Nh3 h6 25. f4 g4 26. Nf2 Rbd8 27. e4 d5 28. e5 Ne4 29.
Nxg4 Nc3 30. Re1 dxc4 31. bxc4 Qd7 32. Bf1 h5 33. Ne3 Qc6 34. Qf2 Nxa4 35. Bg2
Qc7 36. Qf3 Nc3 37. Qxh5 f5 38. exf6 Bxf6 39. Ng4 Bg7 40. f5 Qf7 41. Qg5 Kh7
42. Qh4+ Kg8 43. Qg5 Kh7 44. Qh4+ Kg8 45. Qg5 1/2-1/2

[Event "Open A Befana"]
[Site "Milano ITA"]
[Date "2010.01.06"]
[Round "6"]
[White "Rossi, Giampiero"]
[Black "Papa, Angelo"]
[Result "1/2-1/2"]
[WhiteElo "1922"]
[BlackElo "1852"]
[PlyCount "80"]
[EventDate "2010.01.02"]

1. d4 g6 2. c4 Bg7 3. Nc3 d6 4. g3 Nf6 5. Bg2 O-O 6. Nf3 Nbd7 7. O-O e5 8. Qc2
exd4 9. Nxd4 Ng4 10. e3 Nge5 11. b3 Nc5 12. Rd1 Ne6 13. Bb2 Nxd4 14. exd4 Nc6
15. Nd5 Re8 16. Qd2 Ne7 17. Nxe7+ Rxe7 18. Re1 Rxe1+ 19. Rxe1 c6 20. d5 Bxb2
21. Qxb2 c5 22. Qd2 Bd7 23. Qf4 Qf8 24. Re3 Re8 25. Qf6 Rxe3 26. fxe3 Qe8 27.
Kf2 Qe5 28. Qxe5 dxe5 29. Be4 f6 30. Ke2 Kf7 31. Kd2 b6 32. a3 Ke7 33. Kc3 Kd6
34. h4 Bg4 35. Bc2 Bf3 36. e4 h5 37. Kd2 Bg4 38. Ke3 Bd7 39. Bd1 Bh3 40. Kf2
Bd7 1/2-1/2

[Event "Open A Befana"]
[Site "Milano ITA"]
[Date "2010.01.06"]
[Round "6"]
[White "Rota, Simone"]
[Black "Jones, Alessandro"]
[Result "1-0"]
[WhiteElo "2024"]
[BlackElo "1967"]
[PlyCount "45"]
[EventDate "2010.01.02"]

1. d4 d5 2. c4 e6 3. Nf3 c6 4. e3 Nf6 5. Nc3 Bd6 6. Qc2 Nbd7 7. Be2 O-O 8. O-O
dxc4 9. Bxc4 e5 10. h3 Qe7 11. Re1 b6 12. Bd2 Bb7 13. Ng5 h6 14. Nge4 Bc7 15.
Ng3 exd4 16. exd4 Qd6 17. Nce2 c5 18. Nf4 Rfe8 19. Nf5 Qf8 20. Ng6 Rxe1+ 21.
Rxe1 Qd8 22. Nfe7+ Kh7 23. Bxf7 1-0

[Event "Open A Befana"]
[Site "Milano ITA"]
[Date "2010.01.06"]
[Round "6"]
[White "Vallone, Ugo"]
[Black "Arboscelli, Gregorio"]
[Result "1-0"]
[WhiteElo "1919"]
[BlackElo "1885"]
[PlyCount "165"]
[EventDate "2010.01.02"]

1. Nf3 d5 2. b4 Bf5 3. d4 Nf6 4. Bb2 e6 5. a3 Nbd7 6. e3 Bd6 7. c4 dxc4 8. Bxc4
O-O 9. Nbd2 Bg4 10. h3 Bh5 11. Qb3 Qe7 12. Ne5 c6 13. Be2 Bg6 14. Ndc4 Bc7 15.
Nxg6 hxg6 16. Bf3 e5 17. dxe5 Nxe5 18. Nxe5 Bxe5 19. Bxe5 Qxe5 20. O-O Rad8 21.
Rad1 Ne4 22. Qc2 Ng5 23. Be2 Ne6 24. Bc4 Qf6 25. Qb3 a6 26. a4 Qe7 27. b5 axb5
28. axb5 Rxd1 29. Rxd1 Ra8 30. Bxe6 fxe6 31. bxc6 bxc6 32. Qc2 c5 33. Rc1 Rc8
34. Qc4 Qd6 35. g3 Qd5 36. h4 Kf7 37. Qf4+ Ke7 38. Ra1 Qb7 39. Qe5 Kf7 40. Ra4
Qe7 41. Rc4 Qf6 42. Rxc5 Rxc5 43. Qxc5 Qa1+ 44. Kg2 Qa8+ 45. f3 Qa2+ 46. Kh3
Qb3 47. Qc7+ Kf8 48. Qe5 Kg8 49. Kg4 Kh7 50. Kg5 Qc4 51. h5 gxh5 52. Kxh5 Qc8
53. Qe4+ Kg8 54. g4 Qe8+ 55. Qg6 Qb5+ 56. g5 Qd7 57. Qe4 Qf7+ 58. g6 Qe8 59.
Qe5 Kh8 60. e4 Qc8 61. Kg4 Kg8 62. f4 Kf8 63. Qd6+ Ke8 64. e5 Qd7 65. Qb8+ Qd8
66. Qb1 Qa8 67. Qf1 Qe4 68. Qb5+ Kd8 69. Qb8+ Kd7 70. Qd6+ Kc8 71. Qxe6+ Kb8
72. Qg8+ Ka7 73. Qxg7+ Ka6 74. Qf6+ Kb5 75. Kg5 Qg2+ 76. Kh6 Qh3+ 77. Kg7 Qd7+
78. Qf7 Qd4 79. Kh7 Qe4 80. e6 Qh1+ 81. Kg8 Qa8+ 82. Kg7 Qa1+ 83. Qf6 1-0

[Event "Open A Befana"]
[Site "Milano ITA"]
[Date "2010.01.06"]
[Round "7"]
[White "Arboscelli, Gregorio"]
[Black "Paniga, Danilo"]
[Result "0-1"]
[WhiteElo "1885"]
[BlackElo "1845"]
[PlyCount "76"]
[EventDate "2010.01.02"]

1. d4 f5 2. Nf3 Nf6 3. g3 g6 4. Bg2 Bg7 5. O-O O-O 6. c4 d6 7. Nc3 Qe8 8. b3 e5
9. Bb2 e4 10. Ng5 h6 11. Nh3 Ng4 12. e3 Nc6 13. Nd5 Qf7 14. a3 g5 15. Qd2 Be6
16. Nc3 Ne7 17. Nb5 Ng6 18. d5 Bc8 19. Bxg7 Qxg7 20. f3 exf3 21. Bxf3 N4e5 22.
Bg2 a6 23. Nd4 Bd7 24. Nf2 Rae8 25. Nd3 Nxd3 26. Qxd3 Qe5 27. Rae1 Kg7 28. a4
a5 29. Bh3 g4 30. Bg2 h5 31. e4 f4 32. Nf5+ Kh7 33. gxf4 Nxf4 34. Rxf4 Qxf4 35.
Rf1 Qe5 36. Qd2 Bxf5 37. exf5 Qe3+ 38. Qf2 Rxf5 0-1

[Event "Open A Befana"]
[Site "Milano ITA"]
[Date "2010.01.06"]
[Round "7"]
[White "Astengo, Corrado"]
[Black "Pelizzola, Danilo"]
[Result "1-0"]
[WhiteElo "2142"]
[BlackElo "2077"]
[PlyCount "44"]
[EventDate "2010.01.02"]

1. e4 c5 2. Nf3 Nc6 3. d4 cxd4 4. Nxd4 Nf6 5. Nc3 e5 6. Ndb5 d6 7. Bg5 a6 8.
Na3 b5 9. Bxf6 gxf6 10. Nd5 f5 11. c3 Bg7 12. exf5 Bxf5 13. Nc2 O-O 14. Nce3
Be6 15. Bd3 f5 16. O-O Ne7 17. Nxe7+ Qxe7 18. Bxf5 Kh8 19. Qh5 Bg8 20. Be4 Rac8
21. Rad1 Rf4 22. Nd5 Qh4 1-0

[Event "Open A Befana"]
[Site "Milano ITA"]
[Date "2010.01.06"]
[Round "7"]
[White "Barberi, Alessandro"]
[Black "Bertazzo, Giorgio"]
[Result "0-1"]
[WhiteElo "2112"]
[BlackElo "2105"]
[PlyCount "76"]
[EventDate "2010.01.02"]

1. d4 Nf6 2. Nf3 d5 3. e3 g6 4. b3 Bg7 5. Bb2 O-O 6. Nbd2 b6 7. Ne5 Bb7 8. h4
c5 9. h5 cxd4 10. exd4 Nc6 11. Bd3 Nb4 12. Be2 Rc8 13. c3 Nc6 14. Bd3 Nxe5 15.
dxe5 Ne4 16. Qg4 Nxd2 17. hxg6 hxg6 18. Qh3 Re8 19. Bxg6 Rc6 20. Bxf7+ Kxf7 21.
Qf5+ Kg8 22. e6 Rxe6+ 23. Qxe6+ Kf8 24. Kxd2 d4 25. Rad1 dxc3+ 26. Kc2 Qc8 27.
Qxc8 Rxc8 28. Ba1 Be4+ 29. Rd3 Bf6 30. Rhd1 b5 31. b4 Rc4 32. a3 a6 33. f3 Bg6
34. g4 Kg8 35. f4 Be4 36. f5 Be5 37. Rc1 Rd4 38. Rcd1 Rxd3 0-1

[Event "Open A Befana"]
[Site "Milano ITA"]
[Date "2010.01.06"]
[Round "7"]
[White "Cazzaniga, Walter"]
[Black "Bozzali, Ermanno"]
[Result "1-0"]
[WhiteElo "2119"]
[BlackElo "2120"]
[PlyCount "91"]
[EventDate "2010.01.02"]

1. d4 f5 2. g3 Nf6 3. Bg2 e6 4. Nf3 d5 5. O-O Bd6 6. c4 c6 7. Qc2 O-O 8. Bf4
Bxf4 9. gxf4 Bd7 10. e3 Be8 11. Ne5 Nbd7 12. f3 Nxe5 13. fxe5 Nh5 14. f4 g5 15.
cxd5 cxd5 16. Nc3 Rc8 17. Qf2 Rf7 18. Rac1 Rfc7 19. Ne2 Rc2 20. fxg5 Rxb2 21.
Rxc8 Qxc8 22. Bf3 Rxa2 23. Qh4 Ng7 24. Qh6 Rc2 25. h4 Bb5 26. h5 Bxe2 27. Bxe2
Ne8 28. g6 Rc7 29. Kf2 Rg7 30. Rg1 hxg6 31. Rxg6 Qd8 32. Bf3 b5 33. Rxe6 Nc7
34. Rd6 Qh4+ 35. Ke2 b4 36. Rxd5 b3 37. Qf4 Qxf4 38. exf4 b2 39. Rd8+ Kf7 40.
Rb8 a6 41. Rxb2 Nb5 42. Ke3 Rg1 43. d5 Ra1 44. d6 Ra3+ 45. Kf2 Nd4 46. Bd5+ 1-0

[Event "Open A Befana"]
[Site "Milano ITA"]
[Date "2010.01.06"]
[Round "7"]
[White "Faccio, Fabio"]
[Black "Attuati, Stefano"]
[Result "1-0"]
[WhiteElo "1937"]
[BlackElo "1812"]
[PlyCount "71"]
[EventDate "2010.01.02"]

1. e4 e6 2. d4 d5 3. Nd2 Be7 4. Ngf3 Nf6 5. e5 Nfd7 6. Bd3 c5 7. c3 Nc6 8. O-O
Qb6 9. Qc2 cxd4 10. cxd4 Nxd4 11. Nxd4 Qxd4 12. Nf3 Qc5 13. Bxh7 Qxc2 14. Bxc2
b6 15. Re1 Ba6 16. Bd2 O-O 17. Bc3 Rfc8 18. Rad1 b5 19. Bd3 Nc5 20. Bf1 Na4 21.
Bd4 Bb4 22. Re3 Rc6 23. a3 Be7 24. b3 Nc5 25. Rc1 Rac8 26. Rec3 Bb7 27. Bxb5
R6c7 28. b4 Na6 29. Rxc7 Rxc7 30. Rxc7 Nxc7 31. Bd7 a5 32. Bb6 axb4 33. Bxc7 b3
34. Ba4 b2 35. Bc2 Bxa3 36. Bd6 1-0

[Event "Open A Befana"]
[Site "Milano ITA"]
[Date "2010.01.06"]
[Round "7"]
[White "Gagliardi, Christian"]
[Black "Astengo, Marcello"]
[Result "0-1"]
[WhiteElo "2222"]
[BlackElo "2104"]
[PlyCount "50"]
[EventDate "2010.01.02"]

1. e4 e6 2. d3 d5 3. Nd2 c5 4. Ngf3 Nc6 5. g3 Bd6 6. Bg2 Nge7 7. O-O O-O 8. Re1
Ng6 9. c3 d4 10. c4 e5 11. a3 f6 12. Rf1 Be6 13. Ne1 Qc7 14. h4 a6 15. Kh2 b5
16. Bh3 Bf7 17. b3 Rab8 18. Bf5 Nge7 19. h5 Rb7 20. Qg4 bxc4 21. bxc4 Qa5 22.
Ndf3 Qc3 23. Bh6 Nxf5 24. exf5 Bxh5 25. Qxh5 Qxa1 0-1

[Event "Open A Befana"]
[Site "Milano ITA"]
[Date "2010.01.06"]
[Round "7"]
[White "Jones, Alessandro"]
[Black "Parenti, Davide"]
[Result "0-1"]
[WhiteElo "1967"]
[BlackElo "2037"]
[PlyCount "94"]
[EventDate "2010.01.02"]

1. d4 Nf6 2. c4 e6 3. Nf3 d5 4. Nc3 Be7 5. cxd5 exd5 6. Bg5 c6 7. Qc2 Nbd7 8.
e3 O-O 9. Bd3 Re8 10. O-O Nf8 11. Rab1 a5 12. a3 g6 13. b4 axb4 14. axb4 Ne6
15. Bxf6 Bxf6 16. Na4 Nc7 17. Nb6 Ra3 18. Nxc8 Qxc8 19. Rfc1 Qd7 20. h3 Rea8
21. Rb3 Ra2 22. Rb2 R2a4 23. Rcb1 Ne8 24. b5 c5 25. b6 c4 26. Be2 Nd6 27. Nd2
Qc6 28. Nf3 Ne4 29. Rb5 Ra2 30. R1b2 Qxb5 31. Rxa2 Rxa2 32. Qxa2 Qxb6 33. Qa8+
Kg7 34. Qa1 Qb4 35. Qc1 b5 36. Qc2 h5 37. Kf1 Qa5 38. g3 Qa1+ 39. Kg2 Nc3 40.
Bf1 b4 41. Nd2 Qa2 42. Qc1 h4 43. g4 Qa3 44. Qc2 Qa4 45. Qc1 Na2 46. Qb1 b3 47.
e4 Qb4 0-1

[Event "Open A Befana"]
[Site "Milano ITA"]
[Date "2010.01.06"]
[Round "7"]
[White "Marchini, Daniele"]
[Black "Corti, Massimo"]
[Result "0-1"]
[WhiteElo "1802"]
[BlackElo "2025"]
[PlyCount "74"]
[EventDate "2010.01.02"]

1. d4 Nf6 2. c4 g6 3. Nc3 Bg7 4. e4 d6 5. Bd3 O-O 6. Nge2 c5 7. d5 Na6 8. a3
Nc7 9. O-O a6 10. h3 b5 11. cxb5 axb5 12. Nxb5 Nxb5 13. Bxb5 Nxe4 14. Bd3 Nf6
15. Nc3 Rb8 16. Qc2 e6 17. dxe6 fxe6 18. a4 Bb7 19. Re1 Qd7 20. Bb5 Qf7 21. Qe2
e5 22. a5 Kh8 23. a6 Ba8 24. Be3 Qc7 25. Ra3 d5 26. Bd2 d4 27. Na2 Ne4 28. a7
Rxb5 29. Qxb5 Nxd2 30. Qd3 Bh6 31. Re2 e4 32. Qc2 e3 33. f3 Qg3 34. Raxe3 dxe3
35. Rxd2 Qe1+ 36. Kh2 Bf4+ 37. g3 Qxd2+ 0-1

[Event "Open A Befana"]
[Site "Milano ITA"]
[Date "2010.01.06"]
[Round "7"]
[White "Marinone, Lucio"]
[Black "Rota, Simone"]
[Result "1-0"]
[WhiteElo "1997"]
[BlackElo "2024"]
[PlyCount "103"]
[EventDate "2010.01.02"]

1. d4 d5 2. Nf3 e6 3. c4 c6 4. Qc2 Nf6 5. Bg5 Be7 6. e3 Nbd7 7. Bd3 O-O 8. O-O
Re8 9. Nc3 a6 10. c5 h6 11. Bh4 Nh5 12. Bxe7 Qxe7 13. Ne5 Nhf6 14. f4 Nf8 15.
b4 N6d7 16. Rae1 f6 17. Nxd7 Qxd7 18. Na4 Qc7 19. Nb6 Rb8 20. e4 Nd7 21. exd5
Nxb6 22. Bg6 Rf8 23. cxb6 Qxb6 24. dxe6 Qxd4+ 25. Kh1 Bxe6 26. Rxe6 Qxb4 27.
Qb3 a5 28. Rxf6+ Qxb3 29. Rxf8+ Kxf8 30. axb3 b5 31. Ra1 Ra8 32. Be4 Ra6 33.
Rc1 a4 34. bxa4 Rxa4 35. Bxc6 Rxf4 36. Bxb5 Ke7 37. g3 Rb4 38. Bd3 Rb2 39. Rc2
Rb3 40. Bc4 Rb4 41. Kg2 g5 42. Be2 Kf6 43. Rc6+ Kg7 44. Bh5 Rb7 45. Kh3 Ra7 46.
Kg4 Rb7 47. Kf5 Re7 48. Rg6+ Kh7 49. Re6 Ra7 50. Kf6 Ra8 51. Re7+ Kg8 52. Re8+
1-0

[Event "Open A Befana"]
[Site "Milano ITA"]
[Date "2010.01.06"]
[Round "7"]
[White "Mintenko, Heorhiy"]
[Black "Damia, Angelo"]
[Result "0-1"]
[WhiteElo "2167"]
[BlackElo "2315"]
[PlyCount "66"]
[EventDate "2010.01.02"]

1. d4 b6 2. Nf3 Bb7 3. Nbd2 f5 4. g3 Nf6 5. Bg2 e6 6. O-O Be7 7. c4 O-O 8. Qc2
c5 9. e3 Qe8 10. b3 Na6 11. a3 Rc8 12. Bb2 Nc7 13. Rac1 Ne4 14. Ne5 Nxd2 15.
Bxb7 Nxf1 16. Bxc8 Nxe3 17. Bxd7 Nxc2 18. Bxe8 Nxd4 19. Bh5 Nxb3 20. Rd1 Nd4
21. Bxd4 cxd4 22. a4 Bf6 23. f4 Bxe5 24. fxe5 Na6 25. Rxd4 Nc5 26. Rd6 Rc8 27.
Kf1 g6 28. Bd1 Kf7 29. Ke2 Ke7 30. Rd4 Nd7 31. Bb3 Nxe5 32. h3 Rd8 33. Rf4 Rd3
0-1

[Event "Open A Befana"]
[Site "Milano ITA"]
[Date "2010.01.06"]
[Round "7"]
[White "Orsi, Matteo"]
[Black "Colombo, Luca"]
[Result "1/2-1/2"]
[WhiteElo "1950"]
[BlackElo "1874"]
[PlyCount "72"]
[EventDate "2010.01.02"]

1. Nf3 c5 2. g3 d6 3. Bg2 Nf6 4. d3 g6 5. e4 Nc6 6. O-O Bg7 7. c3 O-O 8. h3 Qc7
9. Bg5 Re8 10. Nbd2 b6 11. d4 Nd7 12. Nb3 Ba6 13. Re1 Rac8 14. Rc1 Qb8 15. Qd2
Bb7 16. d5 Nce5 17. Nxe5 Nxe5 18. f4 c4 19. fxe5 cxb3 20. exd6 Qxd6 21. axb3
Qxg3 22. Qf4 Qxf4 23. Bxf4 Red8 24. Rcd1 h6 25. e5 Rd7 26. h4 Rcd8 27. c4 e6
28. Bh3 Kf8 29. Bd2 a5 30. Bc3 Bc8 31. Bd4 Rb7 32. d6 Bd7 33. Bg2 Rbb8 34. Rd3
Rdc8 35. Rf1 Kg8 36. Rdf3 Rf8 1/2-1/2

[Event "Open A Befana"]
[Site "Milano ITA"]
[Date "2010.01.06"]
[Round "7"]
[White "Paganini, Andrea"]
[Black "Rossi, Giampiero"]
[Result "0-1"]
[WhiteElo "1771"]
[BlackElo "1922"]
[PlyCount "36"]
[EventDate "2010.01.02"]

1. e4 c5 2. d4 cxd4 3. c3 dxc3 4. Nxc3 Nc6 5. Nf3 g6 6. Bc4 Bg7 7. e5 Nh6 8. h4
O-O 9. h5 Ng4 10. Ng5 Ngxe5 11. Nxh7 Nxc4 12. hxg6 N6e5 13. Nxf8 Qxf8 14. Qh5
fxg6 15. Qh7+ Kf7 16. Kf1 d6 17. Bg5 Bf5 18. f4 Ng4 0-1

[Event "Open A Befana"]
[Site "Milano ITA"]
[Date "2010.01.06"]
[Round "7"]
[White "Papa, Angelo"]
[Black "Vallone, Ugo"]
[Result "0-1"]
[WhiteElo "1852"]
[BlackElo "1919"]
[PlyCount "68"]
[EventDate "2010.01.02"]

1. d4 g6 2. e4 d6 3. Nc3 a6 4. Be3 Bg7 5. Qd2 e6 6. Nf3 h6 7. Bd3 Ne7 8. O-O
Nd7 9. Rad1 b6 10. Ne2 Bb7 11. c3 Ra7 12. Bb1 Qa8 13. Ng3 Nf6 14. Rfe1 Kf8 15.
Qc1 Nxe4 16. Nxe4 Bxe4 17. Bxe4 Qxe4 18. Bxh6 Bxh6 19. Qxh6+ Rxh6 20. Rxe4 Rh5
21. Rde1 Ra5 22. a3 c5 23. h4 Rc7 24. Ng5 Kg8 25. g3 Rb5 26. dxc5 bxc5 27. Ra4
Rc6 28. Re2 c4 29. f4 a5 30. Ne4 Nc8 31. Rd2 d5 32. Nf6+ Kg7 33. Nd7 Rc7 34.
Ne5 Nb6 0-1

[Event "Open A Befana"]
[Site "Milano ITA"]
[Date "2010.01.06"]
[Round "7"]
[White "Radice, Luca"]
[Black "Pace, Pietro Dario"]
[Result "0-1"]
[WhiteElo "2084"]
[BlackElo "2253"]
[PlyCount "116"]
[EventDate "2010.01.02"]

1. d4 c5 2. e3 Nf6 3. Nf3 g6 4. Be2 Bg7 5. O-O b6 6. b3 O-O 7. Bb2 Bb7 8. c4 d6
9. Nc3 a6 10. Rc1 Nbd7 11. Qc2 Rc8 12. Qb1 Qc7 13. d5 e5 14. dxe6 fxe6 15. Ng5
Rce8 16. Rcd1 d5 17. f4 d4 18. exd4 cxd4 19. Na4 e5 20. f5 gxf5 21. Qxf5 h6 22.
Ne6 Qc6 23. Bf3 Qxe6 24. Bxb7 Qxf5 25. Rxf5 b5 26. Ba3 bxa4 27. Bxf8 Rxf8 28.
Bxa6 axb3 29. axb3 Ne4 30. Rxf8+ Bxf8 31. Bb7 Nc3 32. Re1 d3 33. Bf3 e4 34.
Rxe4 Nxe4 35. Bxe4 d2 36. Bc2 Kg7 37. Kf2 Kf6 38. Ke3 Bb4 39. Kd4 Nc5 40. h4
Ne6+ 41. Ke4 Ng7 42. g4 Ne6 43. g5+ hxg5 44. hxg5+ Kxg5 45. Kd5 Nc5 46. Kc6 Kf4
47. Kb5 Nd3 48. Bd1 Ke3 49. Bh5 Kd4 50. Be2 Kc3 51. Bd1 Nf2 52. Be2 Ne4 53. Bd1
Ba3 54. Ka4 Kd3 55. Kxa3 Nc3 56. c5 Nxd1 57. c6 Nc3 58. c7 Nb5+ 0-1

[Event "Open A Befana"]
[Site "Milano ITA"]
[Date "2010.01.06"]
[Round "7"]
[White "Scagliotti, Guglielmo"]
[Black "Bisignano, Giuseppe"]
[Result "0-1"]
[WhiteElo "1817"]
[BlackElo "1942"]
[PlyCount "132"]
[EventDate "2010.01.02"]

1. e4 e5 2. f4 exf4 3. Nf3 d6 4. Bc4 g5 5. d4 Bg7 6. h4 g4 7. Ng5 Nh6 8. Bxf4
O-O 9. Qd2 c5 10. c3 Nc6 11. dxc5 dxc5 12. Bd5 Ne5 13. Na3 Ng6 14. Bg3 Be5 15.
Bxe5 Nxe5 16. O-O-O Qc7 17. Nc4 Kg7 18. Rhf1 f6 19. Ne6+ Bxe6 20. Bxe6 Nxc4 21.
Bxc4 Rad8 22. Bd5 c4 23. Qf4 Qxf4+ 24. Rxf4 b5 25. Bc6 a6 26. Rff1 Nf7 27. Rxd8
Rxd8 28. Rd1 Rxd1+ 29. Kxd1 g3 30. Ke2 Ne5 31. Bb7 a5 32. Ke3 Nd3 33. b3 Nc5
34. Bd5 cxb3 35. axb3 a4 36. bxa4 bxa4 37. Kd4 Nd7 38. Kc4 f5 39. Kb4 f4 40.
Bc4 f3 41. Bf1 f2 42. Kxa4 Nc5+ 43. Kb5 Nxe4 44. c4 Nd2 45. Bd3 f1=Q 46. Bxf1
Nxf1 47. c5 Ne3 48. c6 Nd5 49. Kc5 Ne7 50. Kd6 Kf6 51. c7 Nc8+ 52. Kd7 Na7 53.
h5 Kg5 54. Ke6 Kf4 55. Kf7 Ke3 56. Kg7 Kf2 57. Kxh7 Kxg2 58. h6 Kf3 59. Kh8 g2
60. h7 Nc8 61. Kg7 g1=Q+ 62. Kf7 Qd4 63. Kg8 Qg4+ 64. Kf8 Qf5+ 65. Kg7 Qg5+ 66.
Kf7 Qh6 0-1

[Event "Open A Befana"]
[Site "Milano ITA"]
[Date "2010.01.06"]
[Round "7"]
[White "Soncin, Denis"]
[Black "De Santis, Massimo"]
[Result "1/2-1/2"]
[WhiteElo "2038"]
[BlackElo "1893"]
[PlyCount "80"]
[EventDate "2010.01.02"]

1. e4 e5 2. Bc4 Nf6 3. d4 exd4 4. Nf3 Bb4+ 5. c3 dxc3 6. Bxf7+ Kxf7 7. Qb3+ d5
8. Qxb4 Re8 9. Nxc3 Nxe4 10. O-O Kg8 11. Bf4 Na6 12. Qb3 c6 13. Rfe1 Nac5 14.
Qc2 a5 15. Rad1 Bf5 16. Nxe4 Nxe4 17. Qb3 Qc8 18. Nd4 a4 19. Qc2 Bg6 20. f3 Nf6
21. Qc3 Qd7 22. Qb4 Rxe1+ 23. Rxe1 Re8 24. Rc1 Nh5 25. Bd2 Qc7 26. Qxa4 Nf4 27.
Re1 Rxe1+ 28. Bxe1 Qe7 29. Bd2 Nd3 30. Qa8+ Kf7 31. b3 Nc5 32. Qb8 Ne6 33. Nxe6
Kxe6 34. Be3 Kf7 35. Kf2 Qh4+ 36. Ke2 Qe7 37. Qf4+ Kg8 38. Kf2 h6 39. Qg4 Kh7
40. Qf4 Qd7 1/2-1/2

[Event "Open A Befana"]
[Site "Milano ITA"]
[Date "2010.01.06"]
[Round "7"]
[White "Tagliaferri, Valerio"]
[Black "Gori, Andrea"]
[Result "0-1"]
[WhiteElo "1861"]
[BlackElo "2173"]
[PlyCount "40"]
[EventDate "2010.01.02"]

1. d4 Nf6 2. c4 c5 3. d5 b5 4. cxb5 a6 5. bxa6 g6 6. Nc3 Bxa6 7. e4 Bxf1 8.
Kxf1 d6 9. f3 Qa5 10. Rb1 Bg7 11. Nge2 O-O 12. g3 Nbd7 13. Kg2 Rfb8 14. b3 Ne8
15. Bg5 Bxc3 16. Nxc3 Qxc3 17. Rc1 Rxa2+ 18. Kh3 Qe5 19. f4 Qxe4 20. Re1 Qg2+
0-1

[Event "III Open Costa Viola A"]
[Site "Sant'Eufemia d'Aspromonte ITA"]
[Date "2010.01.02"]
[Round "1"]
[White "Blasco, Domenico"]
[Black "Collutiis, Duilio"]
[Result "0-1"]
[WhiteElo "1987"]
[BlackElo "2429"]
[PlyCount "106"]
[EventDate "2010.01.02"]

1. d4 Nf6 2. Nf3 g6 3. e3 Bg7 4. Be2 O-O 5. O-O d6 6. c4 Nbd7 7. Nc3 Re8 8. Re1
e5 9. b4 a5 10. b5 exd4 11. exd4 Nf8 12. Ba3 Ne6 13. Qd2 b6 14. Rad1 Bb7 15.
Ng5 Nxg5 16. Qxg5 Ne4 17. Nxe4 Rxe4 18. Qxd8+ Rxd8 19. Bb2 Rde8 20. Kf1 R4e7
21. Bf3 Bxf3 22. gxf3 Re6 23. Rxe6 fxe6 24. f4 Rf8 25. Bc1 Rf5 26. Kg2 Kf7 27.
Be3 Ke7 28. a4 Kd7 29. c5 Rd5 30. cxb6 cxb6 31. Rc1 Bxd4 32. Bxd4 Rxd4 33. Rc6
Rxa4 34. Rxb6 Rb4 35. Rb7+ Kc8 36. Rxh7 Rxb5 37. Re7 a4 38. Rxe6 a3 39. Rxd6
Ra5 40. Rd1 a2 41. Ra1 Kd7 42. Kf3 Ke6 43. Kg4 Kf6 44. h4 Ra6 45. Kf3 Kf5 46.
Ke3 Ra8 47. Kd3 Kxf4 48. Kc3 Kf3 49. Kb3 Kxf2 50. Rxa2+ Rxa2 51. Kxa2 Kg3 52.
Kb2 Kxh4 53. Kc2 Kg3 0-1

[Event "III Open Costa Viola A"]
[Site "Sant'Eufemia d'Aspromonte ITA"]
[Date "2010.01.02"]
[Round "1"]
[White "Cordi', Domenico"]
[Black "Sanchez, Joseph"]
[Result "0-1"]
[WhiteElo "2072"]
[BlackElo "2490"]
[PlyCount "91"]
[EventDate "2010.01.02"]

1. d4 Nf6 2. Nf3 d5 3. c4 c6 4. Nc3 dxc4 5. a4 Bf5 6. e3 Nbd7 7. Bxc4 e6 8. O-O
Bb4 9. Qe2 Bg6 10. Rd1 O-O 11. Bd3 Qe7 12. Bxg6 hxg6 13. e4 Rac8 14. e5 Nd5 15.
Bg5 f6 16. exf6 gxf6 17. Nxd5 cxd5 18. Bd2 Bd6 19. Re1 Rfe8 20. Qd3 g5 21. Rxe6
Qxe6 22. Qg6+ Kf8 23. Qh6+ Ke7 24. Re1 Qxe1+ 25. Nxe1 Rh8 26. Qg6 Bxh2+ 27. Kf1
Bd6 28. Qf5 Rh1+ 29. Ke2 Re8 30. Qxd5 Kd8+ 31. Be3 Kc7 32. Nd3 Rh7 33. a5 Rhe7
34. Kd2 Rd8 35. b4 a6 36. b5 axb5 37. Qxb5 Ra8 38. Nb4 Bxb4+ 39. Qxb4 Re6 40.
d5 Rd6 41. Bb6+ Nxb6 42. axb6+ Kd7 43. Qb5+ Ke7 44. Kd3 Rad8 45. Ke4 Kf7 46. g4
{...} 0-1

[Event "III Open Costa Viola A"]
[Site "Sant'Eufemia d'Aspromonte ITA"]
[Date "2010.01.02"]
[Round "1"]
[White "Della Corte, Alessandro"]
[Black "Luvera', Filippo"]
[Result "1-0"]
[WhiteElo "2229"]
[BlackElo "1871"]
[PlyCount "109"]
[EventDate "2010.01.02"]

1. d4 Nf6 2. c4 e6 3. Nc3 Bb4 4. e3 O-O 5. Bd3 d5 6. Nge2 dxc4 7. Bxc4 b6 8. a3
Be7 9. O-O Bb7 10. Qc2 a6 11. Rd1 Nbd7 12. b4 c6 13. e4 Qc8 14. Bf4 c5 15. bxc5
bxc5 16. d5 exd5 17. exd5 Nb6 18. Qb3 Nxc4 19. Qxc4 Rd8 20. Rab1 h6 21. Ng3 Bd6
22. Bxd6 Rxd6 23. Nge4 Nxe4 24. Nxe4 Rg6 25. Nxc5 Rb8 26. Qb4 Rxg2+ 27. Kxg2
Bxd5+ 28. Rxd5 Rxb4 29. Rxb4 Qc6 30. Rbd4 a5 31. a4 Qg6+ 32. Kf1 Qf6 33. Ne4
Qf3 34. Ng3 Qc3 35. Kg2 g6 36. Ne4 Qe1 37. h3 Kg7 38. Nd2 Qa1 39. Nb3 Qc3 40.
Nxa5 h5 41. Nc4 Qb4 42. Ne3 Qb7 43. a5 Kf6 44. a6 Qa8 45. Kh2 Kg7 46. Ra4 Qa7
47. Raa5 h4 48. Kg2 f6 49. Nc2 f5 50. Nd4 Qe7 51. a7 Qg5+ 52. Kf3 Qe7 53. Rd7
Qxd7 54. a8=Q Qxd4 55. Qa7+ 1-0

[Event "III Open Costa Viola A"]
[Site "Sant'Eufemia d'Aspromonte ITA"]
[Date "2010.01.02"]
[Round "1"]
[White "Efimov, Igor"]
[Black "Forlano, Luigi"]
[Result "1-0"]
[WhiteElo "2462"]
[BlackElo "2011"]
[PlyCount "45"]
[EventDate "2010.01.02"]

1. e4 c5 2. Nf3 g6 3. d4 cxd4 4. Nxd4 Nc6 5. Nc3 Bg7 6. Be3 Nf6 7. Nxc6 bxc6 8.
e5 Ng8 9. f4 f6 10. Bd4 d6 11. exd6 exd6 12. Qf3 Ne7 13. O-O-O O-O 14. g4 Qa5
15. Bc4+ d5 16. Rhe1 dxc4 17. Rxe7 Qb4 18. Nd5 Qd6 19. Rxg7+ Kxg7 20. Nxf6 Kf7
21. Be5 Qe7 22. Rd6 Qxd6 23. Bxd6 1-0